Southville International School and Colleges
Your cart is empty.
  • Cart
  • Lists
    Public lists Eva Luna New books Lux_list list_1
    Your lists Log in to create your own lists
  • Log in to your account
  • Your cookies
  • Search history
Southville International School and Colleges
  • Advanced search
  • Recent comments
  • Most popular
  • Libraries

Log in to your account

Log in with GOOGLE


If you do not have an external account, but do have a local account, you can still log in:

  1. Home
  2. MARC view: Understanding business /
Normal view MARC view ISBD view

Understanding business / (Record no. 25244)

[ view plain ]
MARC details
000 -LEADER
fixed length control field 00742nam a2200253 a 4500
005 - DATE AND TIME OF LATEST TRANSACTION
control field 20140310183611.0
008 - FIXED-LENGTH DATA ELEMENTS--GENERAL INFORMATION
fixed length control field 120828s19uu xx 00 eng d
020 ## - INTERNATIONAL STANDARD BOOK NUMBER
International Standard Book Number 9780071314107
050 ## - LIBRARY OF CONGRESS CALL NUMBER
Classification number HF 5351
Item number .N53 2010
100 ## - MAIN ENTRY--PERSONAL NAME
Personal name Nickels, William G.
245 ## - TITLE STATEMENT
Title Understanding business /
Statement of responsibility, etc William G. Nickels, James M. McHugh, Susan M. McHugh.
250 ## - EDITION STATEMENT
Edition statement 9th ed.
260 ## - PUBLICATION, DISTRIBUTION, ETC. (IMPRINT)
Place of publication, distribution, etc New York, NY :
Name of publisher, distributor, etc McGraw-Hill Irwin,
Date of publication, distribution, etc 2010.
300 ## - PHYSICAL DESCRIPTION
Extent 569 p. :
Other physical details ill. col. ;
Dimensions 26 cm.
500 ## - GENERAL NOTE
General note Includes index
521 ## - TARGET AUDIENCE NOTE
Target audience note
650 ## - SUBJECT ADDED ENTRY--TOPICAL TERM
Topical term or geographic name as entry element Industrial management
650 ## - SUBJECT ADDED ENTRY--TOPICAL TERM
Topical term or geographic name as entry element Business
650 ## - SUBJECT ADDED ENTRY--TOPICAL TERM
Topical term or geographic name as entry element Business
General subdivision Vocational guidance
700 ## - ADDED ENTRY--PERSONAL NAME
Personal name McHugh, James M.
700 ## - ADDED ENTRY--PERSONAL NAME
Personal name McHugh, Susan M.
942 ## - ADDED ENTRY ELEMENTS (KOHA)
Koha item type Books
Source of classification or shelving scheme Library of Congress Classification
Call number prefix Foreign
Holdings
Withdrawn status Lost status Source of classification or shelving scheme Damaged status Home library Current library Shelving location Date acquired Source of acquisition Total Checkouts Full call number Barcode Date last seen Copy number Price effective from Koha item type
    Library of Congress Classification   College Library College Library General Circulation Section 08/28/2012 Donation   HF 5351 .N53 2010 C15235 05/15/2018 1 10/18/2013 Books

Understanding business /

APA

Nickels W. G., McHugh J. M. & McHugh S. M. (2010). Understanding business. New York, NY: McGraw-Hill Irwin.

Chicago

Nickels William G, McHugh James M and McHugh Susan M. 2010. Understanding business. New York, NY: McGraw-Hill Irwin.

Harvard

Nickels W. G., McHugh J. M. and McHugh S. M. (2010). Understanding business. New York, NY: McGraw-Hill Irwin.

MLA

Nickels William G, McHugh James M and McHugh Susan M. Understanding business. New York, NY: McGraw-Hill Irwin. 2010.

  • Place hold
  • Print
  • Cite
  • Add to your cart (remove)
  • Save record
    BIBTEX Dublin Core MARCXML MARC (non-Unicode/MARC-8) MARC (Unicode/UTF-8) MARC (Unicode/UTF-8, Standard) MODS (XML) RIS
  • More searches
    Search for this title in:
    Other Libraries (WorldCat) Other Databases (Google Scholar) Online Stores (Bookfinder.com) Open Library (openlibrary.org)

Exporting to Dublin Core...

SOUTHVILLE LIBRARY

Southville International School and Colleges Library

1281 Tropical Ave. Cor. Luxembourg St., BF Homes International, Las Pinas City

Tel. No. 8256374 / 252358 Loc. 117/146

Powered by Koha